000 00629nam a2200217 i 4500
001 76523
003 ES-MaACL
005 20230906172853.0
007 t|
008 041004s1954 sp ||||1| spa d
100 1 _aGuintini, Pierre.
_960871
245 1 4 _aLos planetas /
_cPierre Guintini ; versión española de Zoé de Godoy.
250 _a[1ª ed. española].
260 _aBarcelona :
_bSalvat,
_c[1954] (
_fImp. Hispano-Americana)
300 _a142 p. :
_bil. ;
_c17 cm.
490 1 _aSurco
700 1 _aGodoy, Zoe.
_957541
830 0 _aSurco
_9181374
852 _aES-MaACL
_jC-6952
_bR.35970
999 _c76523
_d76523